01854nam a22002894aa4500003000800000005001700008008004100025040003000066041000800096044000700104082001900111100004400130245018800174260002500362300003300387500003600420502020200456520062700658650002101285653002201306653001701328653001901345700003501364942001501399999001701414952013301431BOFEUTO20240430174203.0240426t2023 bo gr 000 f spa d 6BOFEUTOaBOFEUTOcBOFEUTO aspa abo aTE5436bAr658a aArandia Ventura, Fernando Junioreautor aAnálisi en marketing digital para mejorar la presencia de la empresa Droguería Inti S.A. sucursal Oruro en la plataforma Facebook gestión 2023 /cFernando Junior Arandia Ventura aOruro :bs/n,c2023. a75 hojas :bfig. ;c28.5 cm. aIncluye bibliografía, anexos. aProyecto de Grado Doble titulación V -- (Licenciatura) Universidad Técnica de Oruro, Facultad de Ciencias Económicas Financieras y Administrativas, Carrera Administración de Empresas, 2023. aEl objetivo de la investigación del siguiente proyecto, es analizar el marketing digital con el fin de mejorar la presencia de la empresa Droguería INTI S.A. sucursal Oruro en la plataforma Facebook gestión 2023. En la actualidad estar inmersos en el mundo de las redes sociales genera presencia activa de las organizaciones o empresas aun cuando estas estén en el anonimato, sin embargo de acuerdo a los resultados obtenidos al comprobar la hipótesis y la muestra calculada, señala que hacer uso de la plataforma Facebook genera más oportunidades de crecimiento de mercado a la empresa Droguería INTI S.A. aAdministración aMarketing digital aSocial media aRedes sociales aSandy Tapia, Verónicaetutor 2ddccTEn0 c15115d15115 00102ddc4070aUTObUTOc4d2024-04-26i5436l3oTE5436/Ar658apTE5436r2025-05-30 15:06:42s2025-05-30tEj. 1w2024-04-30yTE